00389nam a2200133Ia 450000500170000000800410001708200130005810000190007124500430009026000520013330000260018565000230021165000210023420240807020151.0240331s9999 xx 000 0 und d bVYTa392 aVythilingam, M 4aThe Life of Sir Ponnampalam Ramanathan aColombobRamanathan Commemoration Societyc1971 axv, 605 p ., vol (i)  aBirth and Ancestry aReligious Growth